Marjorie Morningstar / (Record no. 200468085)

MARC details
000 -LEADER
fixed length control field 01600cam a2200373 i 4500
001 - CONTROL NUMBER
control field 200468085
003 - CONTROL NUMBER IDENTIFIER
control field TR-AnTOB
005 - DATE AND TIME OF LATEST TRANSACTION
control field 20260413161108.0
007 - PHYSICAL DESCRIPTION FIXED FIELD--GENERAL INFORMATION
fixed length control field ta
008 - FIXED-LENGTH DATA ELEMENTS--GENERAL INFORMATION
fixed length control field 260413s1955 nyu 000 1 eng
010 ## - LIBRARY OF CONGRESS CONTROL NUMBER
LC control number 2025292649
035 ## - SYSTEM CONTROL NUMBER
System control number 24011143
System control number (DLC)24011143
System control number (TR-AnTOB)200468085
040 ## - CATALOGING SOURCE
Original cataloging agency DLC
Language of cataloging eng
Description conventions rda
Transcribing agency DLC
Modifying agency DLC
-- DLC-MRC
-- TR-AnTOB
041 0# - LANGUAGE CODE
Language code of text/sound track or separate title İngilizce
043 ## - GEOGRAPHIC AREA CODE
Geographic area code n-us---
Authority record control number or standard number http://id.loc.gov/authorities/names/n78095330
050 00 - LIBRARY OF CONGRESS CALL NUMBER
Classification number PS3545.O98
Item number M3 1955
090 ## - LOCALLY ASSIGNED LC-TYPE CALL NUMBER (OCLC); LOCAL CALL NUMBER (RLIN)
Classification number (OCLC) (R) ; Classification number, CALL (RLIN) (NR) PS3545.O98
Local cutter number (OCLC) ; Book number/undivided call number, CALL (RLIN) M3 1955
100 1# - MAIN ENTRY--PERSONAL NAME
Personal name Wouk, Herman,
Dates associated with a name 1915-2019
Relator term author
Relator code aut
-- http://id.loc.gov/vocabulary/relators/aut
Authority record control number or standard number http://id.loc.gov/authorities/names/n79032317
9 (RLIN) 153616
245 10 - TITLE STATEMENT
Title Marjorie Morningstar /
Statement of responsibility, etc. a novel by Herman Wouk.
264 #1 - PRODUCTION, PUBLICATION, DISTRIBUTION, MANUFACTURE, AND COPYRIGHT NOTICE
Place of production, publication, distribution, manufacture Garden City, New York :
Name of producer, publisher, distributor, manufacturer Doubleday & Company, Inc,,
Date of production, publication, distribution, manufacture, or copyright notice 1955.
300 ## - PHYSICAL DESCRIPTION
Extent 565 pages ;
Dimensions 22 cm
336 ## - CONTENT TYPE
Content type term text
Content type code txt
Source rdacontent
Authority record control number or standard number http://id.loc.gov/vocabulary/contentTypes/txt
337 ## - MEDIA TYPE
Media type term unmediated
Media type code n
Source rdamedia
Authority record control number or standard number http://id.loc.gov/vocabulary/mediaTypes/n
338 ## - CARRIER TYPE
Carrier type term volume
Carrier type code nc
Source rdacarrier
Authority record control number or standard number http://id.loc.gov/vocabulary/carriers/nc
500 ## - GENERAL NOTE
General note A novel.
650 #0 - SUBJECT ADDED ENTRY--TOPICAL TERM
Topical term or geographic name entry element Jews
Geographic subdivision United States
Form subdivision Fiction
Authority record control number or standard number http://id.loc.gov/authorities/subjects/sh2008106074
9 (RLIN) 153617
Topical term or geographic name entry element Jewish women
Form subdivision Fiction
Authority record control number or standard number http://id.loc.gov/authorities/subjects/sh2008106073
9 (RLIN) 153085
655 #7 - INDEX TERM--GENRE/FORM
Genre/form data or focus term Fiction
Source of term lcgft
Authority record control number http://id.loc.gov/authorities/genreForms/gf2014026339
9 (RLIN) 151487
Genre/form data or focus term Psychological fiction
Source of term lcgft
Authority record control number http://id.loc.gov/authorities/genreForms/gf2014026492
9 (RLIN) 5034
942 ## - ADDED ENTRY ELEMENTS (KOHA)
Source of classification or shelving scheme Library of Congress Classification
Koha item type Book
Holdings
Withdrawn status Lost status Source of classification or shelving scheme Damaged status Not for loan Collection code Home library Current library Shelving location Date acquired Source of acquisition Inventory number Total Checkouts Full call number Barcode Date last seen Copy number Date shelved Koha item type Public note
    Library of Congress Classification Kullanılmış / Used Ödünç Verilemez-Kurumiçi kullanım / Not for loan-For inhouse use Genel Koleksiyon Tıp Fakültesi Medikal Kütüphane Tıp Fakültesi Medikal Kütüphane Genel Koleksiyon / Main Collection 18/03/2026 Bağış / Donation İDE   PS3545.O98 M3 1955 TıpFaK TF03076 13/04/2026 1 13/04/2026 Book Donated by Prof. Dr. Şükrü Cin
Devinim Yazılım Eğitim Danışmanlık tarafından Koha'nın orjinal sürümü uyarlanarak geliştirilip kurulmuştur.